000 01619nam0a2200325 4500
001 RU\NLR\bibl\1864772
005 20260406060939.0
010 _a978-5-902459-18-7
_9500
021 _aRU
_b2011-106508
_97618
035 _a(NLR Aleph) 001854654
090 _a2449260
_c2449260
100 _a20120206d2011 |||y0rusy50 ca
101 0 _arus
102 _aRU
105 _aa |||||||||
200 1 _aЛогика
_e[учебное пособие для студентов, обучающихся по направлениям "Экономика" и "Менеджмент"]
_fС.В. Бойко, Б.И. Каверин, В.А. Шабалов
_gФил. Федер. гос. бюджет. образоват. учреждения высш. проф. образования "С.-Петерб. гос. инж.-экон. ун-т" в г. Череповце
210 _aЧереповец
_cИНЖЭКОН
_d2011
215 _a361 с.
_cил.
_d21
320 _aБиблиогр. в подстроч. примеч.
606 1 _aЛогика
_jУчебные издания для высших учебных заведений
_9962734
_3RU\NLR\auth\6640868
686 _aЮ4я73
700 1 _4070
_8rus
_7ca
_aБойко
_bС. В.
_cканд. филос. наук
_gСтанислав Владимирович
_3RU\NLR\auth\7791501
_974428
701 1 _4070
_8rus
_7ca
_aКаверин
_bБ. И.
_gБорис Иванович
_3RU\NLR\auth\7711155
_9120909
701 1 _aШабалов
_bВ. А.
_4070
801 0 _aRU
_bNLR
_c20120206
_gRCR
801 1 _aRU
_bNLR
_c20120206
942 _cBOOK
980 _aNB
980 _aNBR